Доктор Живаго (Запис № 580633)

МАРК-запис
000 -Лідер
fixed length control field 00644 a2200217 4500
003 - Ідентифікатор контрольного номера
control field UA-OsUOA
005 - Дата та час останнього входження (трансакції)
control field 20260501121539.0
008 - Елементи даних фіксованої довжини – загальна інформація
fixed length control field 260501b un ||||| |||| 00| 0 ukr d
040 ## - Джерело каталогізації
Агенція оригінальної каталогізації UA-OsUOA
Мова каталогізації rus
Агенція, яка здійснювала перезапис UA-OsUOA
Агенція, яка здійснювала модифікацію UA-OsUOA
041 ## - Код мови
Код мови тексту/ звукової доріжки чи окремого заголовка (П) rus
080 ## - Індекс Універсальної десяткової класифікації
Індекс Універсальної десяткової класифікації (УДК) (НП) 82-31
090 ## - Локальний шифр розміщення
Класифікаційний індекс УДК 82-31
Авторський знак (НП) П19
100 ## - Основне введення – ім’я особи
Ім’я особи (НП) Пастернак Б.
9 (RLIN) 24916
245 ## - Відомості про назву
Назва (НП) Доктор Живаго
260 ## - Публікація, розповсюдження і т.п. (Вихідні дані)
Ім’я/ наймення видавництва, розповсюджувача і т.п. (П) The University of Michigan Press
Дата публікації, розповсюдження і т.п. (П) 1959
Місце публікації, розповсюдження і т.п. (П) Ann Arbor
300 ## - Фізичний опис
Обсяг 567 c.
650 ## - Додаткове предметне введення – тематичний термін
Джерело заголовка чи терміна UDC
Тематичний термін чи географічна назва, як елемент введення (НП) 82-31 Романи. Повісті
9 (RLIN) 5
942 ## - Додаткові елементи входу (Коха)
Тип елемента Koha Книги
Source of classification or shelving scheme Universal Decimal Classification
955 ## - Код типу видання за змістом
Код типу видання за змістом (НП) Літературно-художні видання
Фонди
Стан вилучень Стан втрат Джерело класифікації або схеми стелажів Стан уражень Не для кредиту Код колекції Постійне місце розташування Поточне розміщення Дата придбання Джерело придбання Вартість, звичайна ціна покупки Інвентарний номер Усього замовленно Повний номер виклику Штрих-код Дата останнього перегляду Вартість, ціна заміни Ціна ефективна від Тип елемента Koha Примітка, призначена для загального доступу
    Universal Decimal Classification     Колекція др. Константина Бризгуна (Оксани і Ярослава Соколиків) Наукова бібліотека ІДУД Наукова бібліотека ІДУД 01/05/2026 №12/29.04.2026 (ІДУД) 1.00 300596   82-31 П19 300596 01/05/2026 1.00 01/05/2026 Книги Отримано в дар від Оксани Бризгун-Соколик ; містить екслібріс Оксани Бризгун і Ярослава Соколиків